[Event "ICS rated bullet match"]
[Site "207.99.83.227"]
[Date "1999.03.17"]
[Round "?"]
[White "Hossa"]
[Black "Secret"]
[Result "0-1"]
[WhiteElo "2389"]
[BlackElo "2799"]
[Annotator "Crafty v16.5"]
[PlyCount "68"]

{annotating for player Hossa using a scoring margin of +0.10 pawns. search
time limit is 10.00} 1. e4 1... e5 2. Nf3 Nc6 3. Bc4 Nf6 4. Ng5 d5 5. exd5 Na5
6. Bb5+ c6 7. dxc6 bxc6 8. Be2 ({8:+0.69} 8. Be2 8... h6 9. Nf3 e4 10. Ne5 Bd6
11. d4 11... O-O $14) ({8:+1.13} 8. Bd3 8... Bc5 9. O-O O-O 10. Qe2 Qd6 11. Nc3
11... Bg4 $16) 8... h6 9. Nf3 e4 10. Ne5 Bd6 11. d4 exd3 12. Nxd3 Qc7 13. f4 ({
8:+0.91} 13. f4 13... Qb6 14. Bd2 O-O 15. Bxa5 Qxa5+ 16. Qd2 Qxd2+ 17. Nxd2 Re8
18. Rd1 $16) ({8:+1.05} 13. b4 13... Nc4 14. Nd2 Be6 15. Nxc4 Bxc4 16. Ba3 Bxd3
17. Qxd3 17... O-O $16) 13... Qb6 14. Ne5 Ne4 15. Rf1 O-O 16. Bd3 ({7:+0.34} 
16. Bd3 16... Nc5 17. Bh7+ Kxh7 18. Qxd6 Ba6 19. Rf3 19... Rad8 $14) ({7:+0.65
} 16. Bf3 16... Rd8 17. Qe2 Nf6 18. Nd2 Bf5 19. Ne4 $14) 16... Nf6 17. Bh7+ ({
7:-0.71} 17. Bh7+ 17... Nxh7 18. Qxd6 f6 19. Nd7 Bxd7 20. Qxd7 Rfe8+ 21. Kd1
21... Rad8 $17) ({7:+0.39} 17. Nd2 17... Re8 18. Ndf3 Bg4 19. Bh7+ Kxh7 20.
Qd3+ Ne4 21. Nxg4 $14) 17... Nxh7 18. Qxd6 f6 19. Nd7 ({9:-4.30} 19. Nd7 19...
Re8+ 20. Ne5 fxe5 21. f5 Ba6 22. Na3 Rad8 23. Qg6 Bxf1 24. Kxf1 $19) ({9:-0.92
} 19. b4 19... Nb7 20. Qxc6 fxe5 21. Qxb6 axb6 22. fxe5 Bf5 23. Be3 23... b5
$17) 19... Bxd7 20. Rf2 Bg4 21. Qa3 ({8:-6.95} 21. Qa3 21... Rfe8+ 22. Kf1 Qb5+
23. Qd3 Rad8 24. Rd2 Rxd3 25. cxd3 25... Qd5 $19) ({8:-4.33} 21. Nd2 21... Rad8
22. Qa3 Rfe8+ 23. Kf1 Qb5+ 24. Kg1 Re1+ 25. Rf1 Rxf1+ 26. Nxf1 Rd1 27. c4 Nxc4
28. Qxa7 Nxb2 29. Bxb2 29... Qxf1# $19) 21... Rfe8+ 22. Kf1 Qb5+ 23. Qd3 Rad8
24. Rd2 ({10:-11.43} 24. Rd2 24... Rxd3 25. Rxd3 Be2+ 26. Kf2 Bxd3 27. Na3 Qc5+
28. Kg3 Bxc2 29. Nxc2 Qxc2 30. Kf3 $19) ({10:-10.62} 24. Nd2 24... Rxd3 25.
cxd3 Qxd3+ 26. Kg1 Re1+ 27. Nf1 Be2 28. b3 Bxf1 29. Bb2 Rxa1 30. Bxa1 $19)
24... Rxd3 25. Rxd3 Be2+ 26. Kf2 Bxd3 27. Nc3 Qb6+ 28. Kf3 ({8:-12.24} 28. Kf3
28... Bxc2 29. Kg3 Re3+ 30. Kh4 Rxc3 31. bxc3 Qf2+ 32. Kh5 32... Qxg2 $19) ({
8:-12.13} 28. Kg3 28... Bxc2 29. h3 Nc4 30. a4 Kf7 31. Ra2 31... Qd4 $19) 28...
Bxc2 29. Kg3 ({8:-16.86} 29. Kg3 29... Re3+ 30. Kf2 Rxc3+ 31. Ke2 Bd3+ 32. Kd2
Qd4 33. Kd1 Bc4+ 34. Bd2 Qg1+ 35. Be1 Rd3+ 36. Ke2 36... Qxg2+ $19) ({8:-12.63
} 29. f5 $19) 29... Re3+ 30. Bxe3 ({8:-Mat04} 30. Bxe3 30... Qxe3+ 31. Kg4 f5+
32. Kh5 Qxf4 33. Kg6 33... Qg4# $19) ({8:-18.83} 30. Kf2 30... Rxc3+ 31. Ke2
Bd3+ 32. Kf3 Be4+ 33. Ke2 Rc2+ 34. Bd2 Nc4 35. b3 Rxd2+ 36. Ke1 $19) 30...
Qxe3+ 31. Kg4 f5+ 32. Kh5 Nf6+ 33. Kh4 Qxf4+ 34. g4 Qxg4# 0-1

[Event "ICS rated standard match"]
[Site "207.99.83.227"]
[Date "1999.03.17"]
[Round "?"]
[White "Alex72"]
[Black "Hossa"]
[Result "1-0"]
[WhiteElo "1935"]
[BlackElo "2174"]
[Annotator "Crafty v16.5"]
[PlyCount "132"]

{annotating for player Hossa using a scoring margin of +0.10 pawns. search
time limit is 10.00} 1. d4 1... Nf6 2. c4 g6 3. Nc3 Bg7 4. e4 d6 5. Bd3 Nc6 6.
d5 Ne5 7. f4 Nxd3+ 8. Qxd3 e6 ({8:-0.24} 8... e6 9. Nf3 exd5 10. cxd5 O-O 11.
O-O Bg4 12. Be3 12... Qe7 $10) ({8:-0.05} 8... c6 9. Nf3 cxd5 10. cxd5 O-O 11.
O-O Bg4 12. Be3 12... Rc8 $10) 9. Nf3 exd5 10. cxd5 O-O 11. O-O Qe7 12. Bd2 Re8
13. Rae1 Nd7 ({8:-0.24} 13... Nd7 14. f5 Nc5 15. Qc4 Bd7 16. fxg6 fxg6 17. Bg5
17... Qf7 $10) ({8:-0.13} 13... Bg4 14. Qc4 Rac8 15. Qd4 Ra8 16. e5 Nh5 17. Ng5
dxe5 18. fxe5 $10) 14. Kh1 Nc5 15. Qc2 Bg4 16. b4 Bxc3 17. bxc5 Bg7 18. cxd6
cxd6 19. Qd3 Rac8 20. Bb4 Bxf3 21. Qxf3 Rc4 22. Qb3 Rxe4 23. Rxe4 Qxe4 24. Bxd6
Qe2 25. Qb1 Rd8 ({9:+0.19} 25... Rd8 26. Ba3 Bc3 27. Rg1 Rxd5 28. Qxb7 Rd8 29.
Qxa7 29... Qxa2 $10) ({9:+0.74} 25... Qc4 26. Rd1 Rd8 27. Qb4 Qc2 28. Rg1 Qxa2
29. Rd1 29... a5 $17) 26. Re1 Qa6 ({9:+0.11} 26... Qa6 27. Bb4 Qc4 28. Be7 Rxd5
29. Qxb7 f6 30. a4 30... Qd4 $10) ({9:+0.41} 26... Qf2 27. Rf1 Qb6 28. Qxb6
axb6 29. Bc7 Rxd5 30. Bxb6 Rd2 31. a4 $15) 27. Be5 Rxd5 28. Bxg7 Kxg7 29. Qb2+
Kh6 ({8:+1.06} 29... Kh6 30. h3 Qc6 31. Kg1 Qc5+ 32. Kh2 Rd7 33. Qe5 Qxe5 34.
Rxe5 $17) ({8:+1.17} 29... f6 30. Kg1 Rd7 31. Qf2 Qc4 32. f5 a5 33. a3 $17) 30.
h3 Ra5 ({8:+0.00} 30... Ra5 31. Qb4 Kg7 32. Qc3+ Kh6 33. Qb4 $10) ({8:+1.04} 
30... f6 31. Qb4 Qc6 32. Qf8+ Kh5 33. Qe7 Rd7 34. Re5+ Kh4 35. Kh2 g5 36. g3+
Kh5 37. g4+ 37... Kg6 $17) 31. Qb4 f5 32. Qf8+ Kh5 33. Qe7 Kh6 34. Qh4+ Kg7 35.
Re7+ Kf8 36. Rxh7 Kg8 37. Rh8+ Kf7 38. Qh7+ Ke6 39. Qxg6+ Kd5 40. Qxf5+ Kd4 41.
Rd8+ Ke3 42. Qb1 Kxf4 43. Qc1+ Kf5 44. Qc2+ Ke5 45. Qc3+ Ke6 46. Qe3+ Kf7 47.
Rd7+ Kf6 48. Qh6+ Kf5 49. Rf7+ Ke4 50. Qf4+ Kd5 51. Rd7+ Ke6 52. Rd1 Qc6 53.
Re1+ Kd7 54. Qf7+ Kc8 55. Re8+ Qxe8 56. Qxe8+ Kc7 57. Qe7+ Kc6 58. Qe4+ Rd5 59.
h4 Kd6 60. Qb4+ Kc6 61. g4 a5 62. Qa4+ b5 63. Qxa5 Rd3 64. Kg2 Rd4 65. Kf3 Rd3+
66. Ke4 Rh3 1-0

[Event "ICS rated blitz match"]
[Site "207.99.83.227"]
[Date "1999.03.17"]
[Round "?"]
[White "Hossa"]
[Black "tucho"]
[Result "1-0"]
[WhiteElo "2458"]
[BlackElo "2247"]
[PlyCount "81"]

1. e4 c5 2. Bc4 e6 3. Nc3 d6 4. Nf3 Nc6 5. O-O Nf6 6. d4 cxd4 7. Nxd4 Be7 8.
Bb5 Bd7 9. Bxc6 bxc6 10. Nf3 e5 11. Bg5 Be6 12. b3 O-O 13. Qd2 h6 14. Bxf6 Bxf6
15. Rad1 Be7 16. Qe2 Qa5 17. Qd3 Kh8 18. Rd2 f5 19. exf5 Bxf5 20. Qc4 Rac8 21.
b4 Qb6 22. a3 Rf6 23. Nh4 Bh7 24. Nd5 Qd8 25. Nxf6 Bxf6 26. Nf3 d5 27. Qg4 e4
28. Nd4 Qe8 29. Rfd1 Rc7 30. c3 Re7 31. Re2 Re5 32. Re3 Rg5 33. Qe6 Qxe6 34.
Nxe6 Re5 35. Nd4 Bg5 36. Nxc6 Re6 37. Nxa7 Ra6 38. Nb5 Bxe3 39. fxe3 Bg8 40.
Ra1 Ra4 41. Nd4 {tucho resigns} 1-0

[Event "ICS rated standard match"]
[Site "207.99.83.227"]
[Date "1999.03.17"]
[Round "?"]
[White "Chief-Justice"]
[Black "Hossa"]
[Result "0-1"]
[WhiteElo "1881"]
[BlackElo "2148"]
[PlyCount "28"]

1. d4 Nf6 2. Nf3 e6 3. Bg5 Bb4+ 4. Nbd2 O-O 5. e3 d5 6. Bd3 b6 7. Ne5 Ba6 8.
Bxa6 Nxa6 9. f4 Bxd2+ 10. Qxd2 Ne4 11. Bxd8 Nxd2 12. Bxc7 Ne4 13. Nd7 Rfe8 14.
Be5 14... Rad8 {Chief-Justice resigns} 0-1

[Event "ICS rated standard match"]
[Site "207.99.83.227"]
[Date "1999.03.17"]
[Round "?"]
[White "djirv"]
[Black "Hossa"]
[Result "0-1"]
[WhiteElo "1926"]
[BlackElo "2164"]
[PlyCount "68"]

1. e4 d6 2. d4 Nf6 3. Nc3 Nbd7 4. Bc4 Nb6 5. Bb3 Bg4 6. Nge2 e5 7. f3 Bd7 8.
O-O Be7 9. f4 O-O 10. fxe5 dxe5 11. dxe5 Bc5+ 12. Kh1 Ng4 13. Qe1 Nxe5 14. Qg3
Bd6 15. Bf4 Qe7 16. Rae1 Kh8 17. Nd5 Qe8 18. Nd4 Rd8 19. Nf5 Bxf5 20. exf5 f6
21. c3 Nxd5 22. Bxd5 c6 23. Be6 Qh5 24. h3 Bb8 25. Qh2 Nd3 26. Bxb8 Nxe1 27.
Rxe1 Rxb8 28. g4 Qh4 29. Rd1 Rbd8 30. Rxd8 Rxd8 31. Qe2 Qxh3+ 32. Kg1 Qg3+ 33.
Kf1 Qf4+ 34. Kg1 34... Rd2 {djirv resigns} 0-1

[Event "ICS rated standard match"]
[Site "207.99.83.227"]
[Date "1999.03.17"]
[Round "?"]
[White "Hossa"]
[Black "Alex72"]
[Result "1-0"]
[WhiteElo "2145"]
[BlackElo "1984"]
[PlyCount "61"]

1. e4 e5 2. Nf3 Nc6 3. Bb5 a6 4. Ba4 Nf6 5. O-O b5 6. Bb3 Be7 7. Bd5 O-O 8. Re1
Bd6 9. d3 Nxd5 10. exd5 Ne7 11. c4 Ng6 12. Nc3 Re8 13. cxb5 axb5 14. Nxb5 Bb4
15. Bg5 f6 16. Bd2 Bxd2 17. Nxd2 d6 18. Qc2 Bd7 19. Nxc7 Rc8 20. Rac1 Bf5 21.
Qa4 Bd7 22. Qa5 Nf4 23. b4 Nxd3 24. Nxe8 Qxa5 25. bxa5 Rxc1 26. Rxc1 Nxc1 27.
a6 Bc8 28. a7 Bb7 29. Nc4 Bxd5 30. Nc7 Bc6 31. Na5 {Alex72 resigns} 1-0

[Event "ICS rated standard match"]
[Site "207.99.83.227"]
[Date "1999.03.17"]
[Round "?"]
[White "Alex72"]
[Black "Hossa"]
[Result "0-1"]
[WhiteElo "1975"]
[BlackElo "2154"]
[PlyCount "66"]

1. e4 e5 2. Nf3 Nc6 3. Bb5 a6 4. Ba4 Bc5 5. c3 Nf6 6. Bc2 d5 7. exd5 Qxd5 8. d3
Bg4 9. Nbd2 Rd8 10. O-O O-O 11. h3 Bf5 12. Qe2 Bxd3 13. Bxd3 Qxd3 14. Qxd3 Rxd3
15. Nb3 Ne4 16. Nxc5 Nxc5 17. Be3 Na4 18. Rab1 Rfd8 19. Rfc1 e4 20. Nd4 Nxd4
21. cxd4 Rd7 22. Kf1 Nb6 23. Rc3 Rxc3 24. bxc3 f6 25. Ke2 Kf7 26. g4 Rd5 27. a4
Nxa4 28. Rxb7 Nxc3+ 29. Kf1 Nb5 30. Kg2 Ke7 31. Bf4 Rxd4 32. f3 Rd8 33. fxe4
33... Kd7 {Alex72 resigns} 0-1

[Event "ICS rated blitz match"]
[Site "207.99.83.227"]
[Date "1999.03.17"]
[Round "?"]
[White "maury"]
[Black "Hossa"]
[Result "1-0"]
[WhiteElo "2250"]
[BlackElo "2465"]
[Annotator "Crafty v16.5"]
[PlyCount "67"]

{annotating for player Hossa using a scoring margin of +0.10 pawns. search
time limit is 10.00} 1. Nf3 1... Nc6 2. d4 d5 3. c4 e6 4. Nc3 Bb4 5. e3 Nge7 6.
Bd3 dxc4 7. Bxc4 Na5 8. Bd3 O-O 9. O-O Bd7 ({7:-0.56} 9... Bd7 10. Ng5 h6 11.
Nh7 Re8 12. f4 12... Nf5 $14) ({7:-0.20} 9... Nf5 10. Ne1 Bd6 11. Bxf5 exf5 12.
f4 c5 13. Nd5 cxd4 14. exd4 $10) 10. Bxh7+ Kxh7 11. Ng5+ Kg6 12. Qg4 f5 13. Qg3
Bd6 ({8:-0.46} 13... Bd6 14. f4 Kf6 15. e4 Nec6 16. e5+ Ke7 17. exd6+ Kxd6 18.
Qd3 $14) ({8:+1.25} 13... f4 14. Qg4 Qc8 15. Nce4 Nec6 16. Nxe6+ Kf7 17. N4g5+
Ke7 18. d5 $17) 14. f4 Kh6 ({8:-1.86} 14... Kh6 15. Qh4+ Kg6 16. Qh7+ Kf6 17.
e4 Nec6 18. e5+ Ke7 19. Qxg7+ Ke8 20. exd6 cxd6 21. Be3 $18) ({9:-0.54} 14...
Kf6 15. e4 Nc8 16. e5+ Ke7 17. exd6+ Kxd6 18. Nce4+ Kd5 19. Nc5 Kd6 20. Qd3 $14
) 15. Qh4+ Kg6 16. Qh7+ Kf6 17. e4 Nec6 18. e5+ Ke7 ({8:-6.92} 18... Ke7 19.
Qxg7+ Ke8 20. Qg6+ Ke7 21. Nd5+ exd5 22. exd6+ cxd6 23. Re1+ Ne5 24. fxe5 Qe8
25. exd6+ Kd8 26. Rxe8+ Rxe8 27. Bf4 $18) ({8:-4.64} 18... Bxe5 19. fxe5+ Ke7
20. Qxg7+ Ke8 21. Qg6+ Ke7 22. Nxe6 Bxe6 23. Bg5+ Kd7 24. Bxd8 24... Raxd8 $18)
19. Qxg7+ Ke8 20. Qg6+ Ke7 21. Nd5+ exd5 22. exd6+ cxd6 23. Re1+ Ne5 24. fxe5
Qe8 25. exd6+ Kd8 26. Rxe8+ Rxe8 27. Bd2 Nc4 28. Re1 Rxe1+ ({7:-12.81} 28...
Rxe1+ 29. Bxe1 b6 30. Qg8+ Be8 31. Qg7 Bf7 32. Nxf7+ Kc8 33. Qh8+ Kb7 34. Qxa8+
Kxa8 35. d7 Nxb2 36. d8=Q+ $18) ({7:-10.61} 28... Ne3 29. Rxe3 b6 30. Rxe8+
Bxe8 31. Qf6+ Kc8 32. Qxf5+ Bd7 33. Qxd5 33... Rb8 $18) 29. Bxe1 Nxd6 30. Qxd6
Kc8 31. Bg3 f4 32. Bxf4 Kd8 33. Ne6+ Kc8 34. Qc7# 1-0

[Event "ICS rated blitz match"]
[Site "207.99.83.227"]
[Date "1999.03.17"]
[Round "?"]
[White "Hossa"]
[Black "Speedy"]
[Result "1-0"]
[WhiteElo "2440"]
[BlackElo "2327"]
[PlyCount "25"]

1. e4 c5 2. Bc4 a6 3. Nc3 b5 4. Bxf7+ Kxf7 5. Qh5+ g6 6. Qd5+ e6 7. Qxa8 Nc6 8.
Nf3 Qc7 9. d3 b4 10. Ne2 Bb7 11. Bf4 Qb6 12. Ng5+ Ke7 13. Bd6+ {Speedy resigns}
1-0

[Event "ICS rated blitz match"]
[Site "207.99.83.227"]
[Date "1999.03.17"]
[Round "?"]
[White "Hossa"]
[Black "Speedy"]
[Result "1-0"]
[WhiteElo "2451"]
[BlackElo "2316"]
[PlyCount "77"]

1. e4 c5 2. Bc4 a6 3. Nc3 b5 4. Bxf7+ Kxf7 5. Qh5+ g6 6. Qd5+ e6 7. Qxa8 Nc6 8.
Nf3 Qc7 9. d3 b4 10. Ne2 h6 11. Bf4 d6 12. e5 d5 13. Nh4 Nge7 14. Bxh6 Rxh6 15.
Nf3 Rh8 16. Ng5+ Kg7 17. f4 Nf5 18. O-O-O Be7 19. Ng3 Bxg5 20. fxg5 Rh4 21.
Nxf5+ gxf5 22. a3 Bd7 23. Qxa6 Rh8 24. axb4 cxb4 25. Kb1 Rb8 26. d4 Rb6 27. Qe2
Be8 28. g4 Ne7 29. h4 Qa7 30. gxf5 Nxf5 31. Qf2 Ra6 32. Kc1 Qb6 33. h5 b3 34.
c3 Qa5 35. Kd2 Qb6 36. g6 Ra2 37. Ke1 Qb5 38. h6+ Kxg6 39. h7 {Speedy resigns}
1-0

[Event "ICS rated blitz match"]
[Site "207.99.83.227"]
[Date "1999.03.17"]
[Round "?"]
[White "JudgeTurpin"]
[Black "Hossa"]
[Result "1-0"]
[WhiteElo "2462"]
[BlackElo "2461"]
[Annotator "Crafty v16.5"]
[PlyCount "147"]

{annotating for player Hossa using a scoring margin of +0.10 pawns. search
time limit is 10.00} 1. e4 1... d6 2. d4 Nf6 3. Nc3 Nbd7 4. Nf3 e5 5. Bc4 exd4
6. Qxd4 Be7 7. Bf4 O-O 8. O-O-O Nh5 9. Be3 Bf6 10. Qd2 Ne5 11. Nxe5 Bxe5 12.
Nb5 a6 ({7:-0.29} 12... a6 13. Nd4 Nf6 14. f3 Bd7 15. Nf5 15... Re8 $10) ({
7:-0.17} 12... Be6 13. Bxe6 fxe6 14. Kb1 a6 15. Nd4 Nf4 16. Rhe1 $10) 13. Nc3
Re8 14. Nd5 Nf6 15. f3 Nxd5 16. Bxd5 c6 17. Bb3 Be6 ({9:-0.87} 17... Be6 18.
Bg5 f6 19. Bxe6+ Rxe6 20. Be3 d5 21. c4 Rc8 22. Kb1 Rd6 23. exd5 cxd5 24. cxd5
$16) ({9:-0.40} 17... Qf6 18. c3 Qg6 19. f4 Bf6 20. Bc2 Qg4 21. Qxd6 21... Qxg2
$14) 18. Bg5 f6 19. Bxe6+ Rxe6 20. Be3 d5 21. Kb1 Re8 ({8:-0.28} 21... Re8 22.
Qb4 Qe7 23. Qb3 Kf8 24. exd5 Bxb2 25. Kxb2 $10) ({8:-0.09} 21... Bc7 22. Bf2
dxe4 23. Qb4 Bd6 24. Qc4 Qd7 25. fxe4 $10) 22. Qb4 Qc7 ({7:-0.77} 22... Qc7 23.
Bb6 Qf7 24. exd5 cxd5 25. Qa5 Re6 26. Rxd5 $16) ({8:-0.20} 22... a5 23. Qxb7
Rb8 24. Qxc6 Rxb2+ 25. Kc1 Rxa2 26. Qxd5+ Qxd5 27. exd5 27... Bxh2 $10) 23. Qb3
Qf7 24. f4 Bb8 ({9:-1.03} 24... Bb8 25. exd5 cxd5 26. Rxd5 b5 27. Rhd1 Ba7 28.
Bxa7 Rxa7 29. Rd7 Rxd7 30. Rxd7 $16) ({9:-0.87} 24... Bd6 25. exd5 cxd5 26.
Qxd5 Rxe3 27. Qxd6 Re2 28. Rd2 Rae8 29. Rhd1 $16) 25. exd5 Re4 ({8:-1.40} 25...
Re4 26. dxc6 Qxb3 27. axb3 bxc6 28. Rd8+ Kf7 29. Re1 Ke6 30. Kc1 $16) ({8:-1.10
} 25... cxd5 26. Rxd5 b5 27. Bc1 Ba7 28. Rd7 Qxb3 29. axb3 Re2 30. g4 $16) 26.
dxc6 Qxb3 27. Rd8+ Kf7 28. axb3 bxc6 29. Bc5 Re8 30. Rd7+ Kg6 31. g3 h5 32. Kc1
h4 33. Kd2 a5 34. Ra1 hxg3 35. hxg3 Rh8 36. b4 Rh2+ 37. Kc1 a4 38. Ra3 Rh1+ 39.
Rd1 Rxd1+ 40. Kxd1 Kh6 41. Ke2 Ra6 42. Rd3 g5 43. Rd8 Bc7 44. Rc8 gxf4 45. Rxc7
fxg3 46. Kf3 Kg6 47. Kxg3 Kf5 48. Kf3 a3 49. bxa3 Rxa3+ 50. Ke2 Ra6 51. Kd3 Kg4
52. Ke4 Kg5 53. Be3+ Kh5 54. Kf5 Kh4 55. Bd4 Kh3 56. Kf4 Kg2 57. c3 Kf1 58. Re7
Ra8 59. Re6 Rc8 60. Kf3 Rd8 61. Bxf6 Rc8 62. Rd6 Re8 63. Rd1+ Re1 64. Rxe1+
Kxe1 65. c4 Kd2 66. Ke4 Ke2 67. b5 c5 68. b6 Kf2 69. Be7 Kg3 70. b7 Kh3 71. Kf3
Kh2 72. b8=Q+ Kg1 73. Bxc5+ Kf1 74. Qb1# 1-0

[Event "ICS rated blitz match"]
[Site "207.99.83.227"]
[Date "1999.03.17"]
[Round "?"]
[White "Hossa"]
[Black "JudgeTurpin"]
[Result "0-1"]
[WhiteElo "2445"]
[BlackElo "2478"]
[Annotator "Crafty v16.5"]
[PlyCount "183"]

{annotating for player Hossa using a scoring margin of +0.10 pawns. search
time limit is 12.00} 1. e4 1... e5 2. Nf3 Nc6 3. Bb5 a6 4. Ba4 ({9:-0.16} 4.
Ba4 4... Bc5 5. O-O Nge7 6. Qe2 O-O 7. Qc4 d6 8. Nc3 $10) ({9:+0.14} 4. Bxc6
4... dxc6 5. Nc3 Bg4 6. h3 Bxf3 7. Qxf3 Nh6 8. d3 Qf6 9. Qxf6 9... gxf6 $10)
4... Nf6 5. O-O b5 6. Bb3 Be7 7. Bd5 ({8:-0.06} 7. Bd5 7... O-O 8. d3 Nxd5 9.
exd5 Nb4 10. Nxe5 Nxd5 11. Nd2 $10) ({8:+0.15} 7. a4 7... b4 8. Bd5 Bb7 9. Bxc6
Bxc6 10. Nxe5 Bxe4 11. Re1 $10) 7... Bb7 8. Bxc6 dxc6 9. Nxe5 Qd6 10. Nf3 Nxe4
11. Re1 Nc5 12. d4 O-O-O 13. Ng5 ({9:+0.01} 13. Ng5 13... Qxd4 14. Qxd4 Rxd4
15. Nxf7 Rf8 16. Ng5 Bxg5 17. Bxg5 Ne4 18. c3 $10) ({9:+0.49} 13. Nc3 13... Ne6
14. Ne5 Rdf8 15. Be3 c5 16. Ne2 cxd4 17. Bxd4 17... Be4 $14) 13... Qxd4 14.
Qxd4 Rxd4 15. c3 ({10:-1.09} 15. c3 15... Bxg5 16. cxd4 Nd3 17. Nc3 Nxe1 18.
Bxg5 Nd3 19. Rb1 19... Kd7 $17) ({10:-0.02} 15. Nxf7 15... Rf8 16. Ng5 Rfd8 17.
Nc3 b4 18. Nf3 R4d7 19. Ne4 Nxe4 20. Rxe4 $10) 15... Bxg5 16. cxd4 Nd3 17. Bxg5
Nxe1 18. Nc3 Nd3 19. b3 c5 20. dxc5 Nxc5 21. Be3 Nd3 22. Rd1 Rd8 23. h4 c5 24.
h5 Kc7 25. a4 c4 26. bxc4 bxc4 27. Rb1 Re8 28. Kf1 g6 29. hxg6 hxg6 30. a5 Rh8
31. Kg1 Rh5 32. f3 Bc6 33. Ra1 Kd6 34. Bd4 Rh7 35. Rb1 Rh4 36. Bf6 Rh5 37. Ra1
Ke6 38. Bd4 Kd7 39. Be3 f5 40. Rb1 f4 41. Bb6 Ke7 42. Ra1 Kf7 43. Bd4 Ke6 44.
Ra2 Rf5 45. Re2+ Kd6 46. Ra2 Rg5 47. Bf6 Rh5 48. Bd4 Rf5 49. Kf1 Rg5 50. Ra1
Rh5 51. Ke2 Ke6 52. Ra3 Rh2 53. Kf1 Rh1+ 54. Bg1 Nc1 55. Kf2 g5 56. Ra1 Nb3 57.
Ra2 Ke5 58. Kf1 Bb7 59. Re2+ Kf6 60. Ra2 Bc6 61. Rb2 Ke6 62. Re2+ Kd6 63. Ra2
Ke7 64. Re2+ Kf6 65. Rb2 Kg6 66. Ra2 Kf5 67. Re2 Bb7 68. Na4 Nxa5 69. Nb6 Bc6
70. Ra2 Nb3 71. Rxa6 c3 72. Ra2 Bb5+ 73. Kf2 Bd3 74. g4+ fxg3+ 75. Kg2 c2 76.
Rxc2 Rxg1+ 77. Kxg1 Bxc2 78. Kg2 Nd2 79. Kxg3 Bd1 80. Nc8 Bxf3 81. Nd6+ Ke6 82.
Nb5 Ke5 83. Nc7 g4 84. Kf2 Kf5 85. Ke3 g3 86. Nb5 Kg4 87. Kxd2 g2 88. Kd3 g1=Q
89. Nc3 Qf1+ 90. Ke3 Qc4 91. Kd2 Kf4 92. Nb1 0-1

[Event "ICS Rated standard match"]
[Site "207.99.83.227"]
[Date "1999.03.17"]
[Round "?"]
[White "Hossa"]
[Black "charrua"]
[Result "1-0"]
[WhiteElo "2162"]
[BlackElo "2307"]
[PlyCount "29"]

1. e4 d5 2. exd5 Nf6 3. Bb5+ Bd7 4. Bc4 b5 5. Bb3 a5 6. a3 Bg4 7. f3 Bc8 8. Nc3
Qd7 9. Nh3 Bb7 10. Nf4 g5 11. Nh3 h6 12. Qe2 b4 13. Ne4 Bg7 14. Nc5 Qc8 15.
Qb5+ {charrua resigns} 1-0

[Event "ICS rated bullet match"]
[Site "207.99.83.227"]
[Date "1999.03.17"]
[Round "?"]
[White "TDChess"]
[Black "Hossa"]
[Result "1-0"]
[WhiteElo "2580"]
[BlackElo "2386"]
[Annotator "Crafty v16.6"]
[PlyCount "121"]

{annotating for player Hossa using a scoring margin of +0.10 pawns. search
time limit is 12.00} 1. Nf3 1... Nc6 2. e4 Nf6 3. e5 Ng4 4. d4 d6 5. Bb5 dxe5
6. Bxc6+ bxc6 7. Nxe5 Nxe5 8. dxe5 Qxd1+ 9. Kxd1 Rb8 10. b3 Bb7 ({8:-0.27} 
10... Bb7 11. Nd2 e6 12. Bb2 Bc5 13. Ne4 Rd8+ 14. Ke1 Bb4+ 15. Kf1 $10) ({
8:-0.15} 10... Bg4+ 11. f3 Rd8+ 12. Nd2 Bf5 13. Re1 Rd5 14. Bb2 c5 15. Rc1 $10)
11. Nc3 e6 12. Be3 Bb4 13. Na4 c5 14. Rg1 Bc6 ({8:-0.59} 14... Bc6 15. a3 Rd8+
16. Ke2 Ba5 17. Bxc5 Rd2+ 18. Ke3 a6 19. c3 $14) ({8:-0.37} 14... c4 15. Ke2
Ba6 16. Kf3 Rb5 17. a3 Be7 18. b4 Rxe5 19. Bxa7 $14) 15. c3 Ba5 16. Kc2 Bxa4
17. bxa4 Bb6 18. Rab1 Rc8 19. Rgd1 c4 20. Rb4 Bxe3 21. fxe3 a5 22. Rxc4 c5 23.
Rb1 h5 24. Rb5 Rh6 25. Rxa5 Rg6 26. g3 h4 27. Rxh4 Rc7 28. Rc4 Rh6 29. h4 Rg6
30. g4 Rh6 31. g5 Rh5 32. Rf4 Ke7 33. Ra8 Rh7 34. Kb3 Rd7 35. Rc8 Ra7 36. Rxc5
Rh5 37. Rc8 Rh7 38. g6 fxg6 39. Rcf8 Rb7+ 40. Kc4 Rxh4 41. R8f7+ Ke8 42. Rxb7
Rh3 43. Rxg7 Rxe3 44. Rh4 Kf8 45. Ra7 Kg8 46. Rd4 Rf3 47. Rg4 Kh8 48. Ra6 Rf2
49. a3 Ra2 50. Rxg6 Rc2 51. Rgxe6 Rb2 52. Re8+ Kg7 53. Ra7+ Kg6 54. e6 Rb6 55.
e7 Kh6 56. Rh8+ Kg6 57. e8=Q+ Kf5 58. Rf7+ Rf6 59. Rh5+ Kg6 60. Re7+ Rf7 61.
Qxf7# 1-0

[Event "ICS rated bullet match"]
[Site "207.99.83.227"]
[Date "1999.03.17"]
[Round "?"]
[White "Hossa"]
[Black "JSBach"]
[Result "1-0"]
[WhiteElo "2378"]
[BlackElo "2062"]
[PlyCount "99"]

1. e4 e6 2. d4 Qh4 3. Nd2 Bb4 4. c3 Be7 5. Ngf3 Qf4 6. Bd3 Nc6 7. Nc4 Qg4 8.
O-O d5 9. Ne3 Qh5 10. exd5 exd5 11. Be2 Bg4 12. Nxg4 Qxg4 13. Ne5 Qe6 14. Bb5
O-O-O 15. Nxc6 bxc6 16. Ba6+ Kd7 17. Re1 Qf6 18. Qg4+ Ke8 19. Qg3 c5 20. Bb5+
Kf8 21. Qxc7 Qb6 22. Qxb6 axb6 23. Bf4 cxd4 24. cxd4 Bb4 25. Bc7 Rc8 26. Rec1
Ne7 27. Bd7 Ra8 28. Bxb6 Rb8 29. Bc7 Rb7 30. Rc2 Ba5 31. Bxa5 Rxd7 32. Bb4 g5
33. Re1 Rb7 34. Ba3 Kg7 35. Rxe7 Rxe7 36. Bxe7 g4 37. a4 Re8 38. Rc7 h5 39. a5
Kg6 40. a6 f5 41. Rc6+ Kh7 42. Rc7 Kg6 43. a7 Ra8 44. Bc5 Kf6 45. Rc6+ Kg5 46.
Be7+ Kf4 47. Re6 h4 48. g3+ hxg3 49. hxg3+ Kf3 50. Re3# {JSBach checkmated} 1-0

[Event "ICS rated bullet match"]
[Site "207.99.83.227"]
[Date "1999.03.17"]
[Round "?"]
[White "JSBach"]
[Black "Hossa"]
[Result "0-1"]
[WhiteElo "2058"]
[BlackElo "2382"]
[PlyCount "86"]

1. d4 Nf6 2. Bf4 d5 3. Nf3 e6 4. Nc3 Bb4 5. Qd3 Ne4 6. Bd2 Nxd2 7. Nxd2 O-O 8.
O-O-O c5 9. dxc5 Qf6 10. Qe3 d4 11. Qe4 dxc3 12. Qxb4 cxd2+ 13. Qxd2 Qxf2 14.
Qg5 f6 15. Qh5 e5 16. Rd5 Be6 17. Rd6 Bxa2 18. b3 Bxb3 19. Qf3 Qxf3 20. exf3
Ba2 21. Bd3 a6 22. Be4 Ra7 23. Rb6 Nd7 24. Rb2 Be6 25. Bxb7 Nxc5 26. Bc6 Rc8
27. Rb6 Rac7 28. Ba4 Bf5 29. Bb5 axb5 30. Kd2 Nd7 31. Rd6 Rxc2+ 32. Ke1 Rxg2
33. Rd5 Rc1+ 34. Rd1 Rgc2 35. Rf1 Bd3 36. Rxc1 Rxc1+ 37. Kd2 Rxf1 38. Kxd3
Rxf3+ 39. Ke4 Rh3 40. Kd5 Kf7 41. Ke4 Nb6 42. Kf5 Rh4 43. h3 43... Rf4# {
JSBach checkmated} 0-1